000 00914nam a2200205Ii 4500
003 JO-AjNU
008 230605s9999||||xx |||||||||||||| ||und||
017 _a2012/7/2641
040 _aJO-AjNU
_bara
_erda
_cJO-AjNU
041 _aara
050 1 4 _aDS153.3.M34 2012
100 3 _aاشراف المجالي، بكر خازر؛ متابعة وتحرير وتنسيق منتهى قبلان العبداللات، متابعة وتحرير وتنسيق جنان زكي أبو زياد,
_eauthor
_956115
245 0 0 _aقصر رغدان العامر: شاهد على تاريخ يصنع المستقبل
264 3 1 _aعمان: الديوان الملكي الهاشمي، 2012
300 _a96ص
_bصور توضيحية
336 _atext
_btxt
_2rdacontent
337 _aunmediated
_bn
_2rdamedia
338 _avolume
_bnc
_2rdacarrier
650 4 _aالاردن - تاريخ - قصر رغدان العامر
_956116
999 _aA25070
_c28638
_d28638